Typografická písma Vojtěcha Preissiga /

Hlavní autor: Karlas, Otakar, 1956-
Jazyk: Čeština
Vydáno: V Praze : Vysoká škola uměleckoprůmyslová, 2009
Edice: M. Gesamt
Témata:
Fyzický popis: 30 s. : il. (některé barev.), portréty, faksim. ; 33 cm + vzorník písma (49 x 40 cm)
Knihy
Uloženo v:
LEADER 02135nam a2200589 a 4500
001 nkc20092012556
003 CZ PrNK
005 20100326164655.0
007 ta
008 091126s2009 xr ach e 000 0dcze
015 |a cnb002012556 
020 |a 978-80-86863-35-1  |q (brož.) 
035 |a (OCoLC)607525032 
040 |a OLA001  |b cze  |d ABA001 
043 |a e-xr--- 
045 |a x0x3  |a w7x4 
072 7 |a 76  |x Grafické umění. Grafika  |2 Konspekt  |9 21 
080 |a 655.244  |2 MRF 
080 |a 655.246  |2 MRF 
080 |a 766:655  |2 MRF 
080 |a 7.05.071.1  |2 MRF 
080 |a (437.3)  |2 MRF 
080 |a (048.8)  |2 MRF 
080 |a (084.11)  |2 MRF 
100 1 |a Karlas, Otakar,  |d 1956-  |7 ola2002157674  |4 aut 
245 1 0 |a Typografická písma Vojtěcha Preissiga /  |c Otakar Karlas 
246 3 0 |a Typografická písma 
260 |a V Praze :  |b Vysoká škola uměleckoprůmyslová,  |c 2009 
300 |a 30 s. :  |b il. (některé barev.), portréty, faksim. ;  |c 33 cm +  |e vzorník písma (49 x 40 cm) 
490 1 |a M. Gesamt ;  |v sv. 2 
504 |a Obsahuje bibliografii 
600 1 7 |a Preissig, Vojtěch,  |d 1873-1944  |7 jk01101031  |2 czenas 
648 7 |a 1901-1930  |7 ch601415  |2 czenas 
648 4 |a 1873-1944 
650 0 7 |a typografické písmo  |7 ph116510  |z Česko  |y 1901-1950  |2 czenas 
650 0 7 |a typografické ornamenty  |7 ph182333  |z Česko  |y 1901-1950  |2 czenas 
650 0 7 |a grafický design  |7 ph116550  |z Česko  |y 1901-1950  |2 czenas 
650 0 7 |a designéři  |7 ph119395  |z Česko  |y 19.-20. stol.  |2 czenas 
650 0 9 |a typefaces  |z Czechia  |y 1901-1950  |2 eczenas 
650 0 9 |a type ornaments  |z Czechia  |y 1901-1950  |2 eczenas 
650 0 9 |a graphic design  |z Czechia  |y 1901-1950  |2 eczenas 
650 0 9 |a designers  |z Czechia  |y 19th-20th centuries  |2 eczenas 
655 7 |a studie  |7 fd133597  |2 czenas 
655 7 |a obrazové publikace  |7 fd132947  |2 czenas 
655 9 |a studies  |2 eczenas 
655 9 |a pictorial works  |2 eczenas 
830 0 |a M.  |p Gesamt  |0 s 
910 2 |a BOA001  |b 4-1238.535 
990 |a BK 
995 |a 01 
991 |b 201003  |c NOV 
996 6 |b 2610411442  |c 4-1238.535  |l MZK  |r Sklad / do 1 hodiny  |n 4  |p p.v.  |w 001109431  |u 000010  |a 1  |e BOA001  |j MZK50  |s P